Statistieken voor Landen die grenzen aan Algerije

Klik hier om de quiz te nemen!

Algemene statistieken

  • Deze quiz is 27 keer genomen
  • De gemiddelde score is 6 van 6

Antwoordstatistieken

LengteLand% Correct
1559 kmMarokko
100%
965 kmTunesië
96%
982 kmLibië
92%
956 kmNiger
92%
1376 kmMali
88%
463 kmMauritanië
88%

Scoreverdeling

Percentiel versus Aantal Correcte Antwoorden

Procent van Mensen met Elke Score

Uw Scoregeschiedenis

U heeft deze quiz nog niet genomen